000 00752nam a22001817a 4500
003 UA-OsUOA
001 9791
007 ta
008 20041129b un ||||| |||| 00| 0 ukr d
100 _aБасараба В.
942 _cSA
040 _aUA-OsUOA
_cUA-OsUOA
_dUA-OsUOA
245 _aДобра господній дар: І в Зносичах, і в Тинному господарюють по-справжньому. Тому й здобутки тут - найкращі в Сарнен. р-ні
_b[Про с.-г. п-ва "Маяк" та "Случ", що на Сарненщині]
300 _aС.4
955 _a0
773 0 _w0
_tВільне слово
_dРівне
_d2004
_g№89/24 листоп./
650 7 _aСарни
_2UDC
999 _c295952
_d295952